[Event "1st Easter Festival-A 2021"]
[Site "Bassano del Grappa"]
[Date "2021.04.03"]
[Round "6.9"]
[White "Diermair, Andreas"]
[Black "Carlo, Emanuele"]
[Result "1-0"]
[WhiteElo "2487"]
[BlackElo "2282"]
[Annotator "ChessBase"]
[PlyCount "151"]
[EventDate "2021.04.01"]
[EventType "swiss"]
[EventCountry "ITA"]
[SourceTitle "playchess.com"]
[Source "ChessBase"]
[SourceQuality "1"]
[TimeControl "5400+30"]

1. d4 {[%emt 0:00:00]} Nf6 {[%emt 0:00:00]} 2. c4 {[%emt 0:00:00]} e6 {[%emt 0:00:00]} 3. g3 {[%emt 0:00:00]} d5 {[%emt 0:00:00]} 4. Nf3 {[%emt 0:00:00]} dxc4 {[%emt 0:00:18]} 5. Bg2 {[%emt 0:00:00]} a6 {[%emt 0:00:06]} 6. O-O {[%emt 0:00:22]} Nc6 {[%emt 0:00:46]} 7. e3 {[%emt 0:00:14]} Rb8 {[%emt 0:00:23]} 8. Qe2 {[%emt 0:00:30]} b5 {[%emt 0:01:41]} 9. Bd2 {[%emt 0:00:11]} Bb7 {[%emt 0:02:38]} 10. b3 {[%emt 0:00:37]} cxb3 {[%emt 0:00:14]} 11. axb3 {[%emt 0:00:02]} Be7 {[%emt 0:03:36]} 12. Rc1 {[%emt 0:00:38]} O-O {[%emt 0:03:49]} 13. Ne1 {[%emt 0:05:27]} Nb4 {[%emt 0:08:05]} 14. Bxb7 {[%emt 0:03:23]} Rxb7 {[%emt 0:00:05]} 15. Bxb4 {[%emt 0:00:25]} Bxb4 {[%emt 0:00:07]} 16. Rxa6 {[%emt 0:00:29]} Qd5 {[%emt 0:06:28]} 17. Qc2 {[%emt 0:05:19]} h5 {[%emt 0:10:46]} 18. Nd3 {[%emt 0:02:25]} Bd6 {[%emt 0:00:47]} 19. Nd2 {[%emt 0:11:42]} h4 {[%emt 0:03:43]} 20. Qc6 {[%emt 0:04:07]} hxg3 {[%emt 0:00:12]} 21. hxg3 {[%emt 0:00:12]} Rbb8 {[%emt 0:02:30]} 22. Qxd5 {[%emt 0:04:08]} exd5 {[%emt 0:00:39]} 23. Nf3 {[%emt 0:06:19]} Ra8 {[%emt 0:01:51]} 24. Rca1 {[%emt 0:00:32]} Rxa6 {[%emt 0:00:02]} 25. Rxa6 {[%emt 0:00:02]} Nd7 {[%emt 0:12:13]} 26. Nfe1 {[%emt 0:11:15]} Nb8 {[%emt 0:10:07]} 27. Ra5 {[%emt 0:00:45]} c6 {[%emt 0:00:26]} 28. Nc2 {[%emt 0:01:53]} Rc8 {[%emt 0:01:46]} 29. Ra8 {[%emt 0:11:23]} Kf8 {[%emt 0:02:21]} 30. Ncb4 {[%emt 0:03:30]} Ke8 {[%emt 0:03:21]} 31. Nc5 {[%emt 0:05:04]} Bxc5 {[%emt 0:04:33]} 32. dxc5 {[%emt 0:00:03]} Rd8 {[%emt 0:00:33]} 33. Nd3 {[%emt 0:05:42]} Nd7 {[%emt 0:01:28]} 34. Ra6 {[%emt 0:00:06]} Rc8 {[%emt 0:00:44]} 35. Ra7 {[%emt 0:01:50]} f6 {[%emt 0:01:12]} 36. b4 {[%emt 0:00:43]} g5 {[%emt 0:03:01]} 37. f4 {[%emt 0:00:20]} Kd8 {[%emt 0:01:03]} 38. Kg2 {[%emt 0:01:31]} g4 {[%emt 0:01:38]} 39. Nc1 {[%emt 0:01:56]} Rc7 {[%emt 0:01:41]} 40. Ra8+ {[%emt 0:00:05]} Rc8 {[%emt 0:00:25]} 41. Ra6 {[%emt 0:00:17]} Nf8 {[%emt 0:01:14]} 42. Nb3 {[%emt 0:02:13]} Ng6 {[%emt 0:00:40]} 43. Nd4 {[%emt 0:01:21]} Ne7 {[%emt 0:00:06]} 44. f5 {[%emt 0:04:01]} Kd7 {[%emt 0:02:05]} 45. Kf2 {[%emt 0:00:22]} Ng8 {[%emt 0:03:08]} 46. Ne6 {[%emt 0:01:50]} Nh6 {[%emt 0:01:15]} 47. Ra7+ {[%emt 0:00:05]} Ke8 {[%emt 0:00:07]} 48. Ng7+ {[%emt 0:00:58]} Kf8 {[%emt 0:00:27]} 49. e4 {[%emt 0:00:37]} dxe4 {[%emt 0:00:46]} 50. Ke3 {[%emt 0:00:20]} Kg8 {[%emt 0:01:04]} 51. Kxe4 {[%emt 0:01:27]} Rd8 {[%emt 0:00:15]} 52. Nh5 {[%emt 0:01:19]} Rd1 {[%emt 0:00:45]} 53. Nxf6+ {[%emt 0:00:10]} Kf8 {[%emt 0:00:02]} 54. Ke5 {[%emt 0:06:28]} Nf7+ {[%emt 0:01:32]} 55. Kf4 {[%emt 0:00:06]} Rd4+ {[%emt 0:01:10]} 56. Ne4 {[%emt 0:00:09]} Rxb4 {[%emt 0:00:20]} 57. f6 {[%emt 0:00:11]} Kg8 {[%emt 0:02:39]} 58. Kf5 {[%emt 0:00:59]} Rd4 {[%emt 0:00:14]} 59. Rc7 {[%emt 0:01:37]} Rd5+ {[%emt 0:02:03]} 60. Kxg4 {[%emt 0:00:41]} Ne5+ {[%emt 0:00:11]} 61. Kf5 {[%emt 0:01:09]} Nd3+ {[%emt 0:00:20]} 62. Kg4 {[%emt 0:00:33]} Nxc5 {[%emt 0:00:25]} 63. Rg7+ {[%emt 0:00:15]} Kf8 {[%emt 0:00:46]} 64. Ng5 {[%emt 0:00:13]} Rxg5+ {[%emt 0:03:13]} 65. Rxg5 {[%emt 0:00:04]} Ne6 {[%emt 0:00:14]} 66. Rh5 {[%emt 0:00:33]} Kf7 {[%emt 0:00:12]} 67. Kf5 {[%emt 0:00:36]} Nd4+ {[%emt 0:00:34]} 68. Ke5 {[%emt 0:00:10]} Nf3+ {[%emt 0:00:07]} 69. Ke4 {[%emt 0:00:25]} Ne1 {[%emt 0:01:03]} 70. Kf5 {[%emt 0:00:10]} Nd3 {[%emt 0:00:04]} 71. Rh7+ {[%emt 0:00:08]} Kf8 {[%emt 0:00:05]} 72. g4 {[%emt 0:00:54]} b4 {[%emt 0:00:09]} 73. Rb7 {[%emt 0:00:25]} c5 {[%emt 0:00:14]} 74. g5 {[%emt 0:00:07]} c4 {[%emt 0:00:04]} 75. g6 {[%emt 0:00:07]} c3 {[%emt 0:00:05]} 76. Rb8# {[%emt 0:00:03]} 1-0

[Event "1st Easter Festival-A 2021"]
[Site "Bassano del Grappa"]
[Date "2021.04.03"]
[Round "6.10"]
[White "Tisaj, Domen"]
[Black "Schreiner, Peter"]
[Result "0-1"]
[WhiteElo "2287"]
[BlackElo "2458"]
[Annotator "ChessBase"]
[PlyCount "114"]
[EventDate "2021.04.01"]
[EventType "swiss"]
[EventCountry "ITA"]
[SourceTitle "playchess.com"]
[Source "ChessBase"]
[SourceQuality "1"]
[TimeControl "5400+30"]

1. e4 {[%emt 0:00:00]} c5 {[%emt 0:02:33]} 2. Nf3 {[%emt 0:00:00]} d6 {[%emt 0:00:07]} 3. Bb5+ {[%emt 0:00:10]} Nd7 {[%emt 0:06:22]} 4. d4 {[%emt 0:00:10]} cxd4 {[%emt 0:02:25]} 5. Qxd4 {[%emt 0:00:02]} a6 {[%emt 0:05:09]} 6. Be2 {[%emt 0:00:10]} Ngf6 {[%emt 0:02:08]} 7. O-O {[%emt 0:00:56]} g6 {[%emt 0:11:26]} 8. Bg5 {[%emt 0:08:06]} Bg7 {[%emt 0:00:42]} 9. Nc3 {[%emt 0:05:04]} O-O {[%emt 0:00:47]} 10. Rfd1 {[%emt 0:04:13]} Qc7 {[%emt 0:08:31]} 11. e5 {[%emt 0:08:14]} Nxe5 {[%emt 0:09:23]} 12. Bxf6 {[%emt 0:06:16]} Bxf6 {[%emt 0:00:10]} 13. Nd5 {[%emt 0:00:26]} Qxc2 {[%emt 0:01:44]} 14. Nxf6+ {[%emt 0:00:15]} exf6 {[%emt 0:00:06]} 15. Rd2 {[%emt 0:01:12]} Qc5 {[%emt 0:01:58]} 16. Qf4 {[%emt 0:01:37]} Kg7 {[%emt 0:15:37]} 17. Rad1 {[%emt 0:01:45]} Rd8 {[%emt 0:03:05]} 18. Nd4 {[%emt 0:14:03]} d5 {[%emt 0:02:42]} 19. h4 {[%emt 0:00:50]} Qd6 {[%emt 0:01:30]} 20. Nc2 {[%emt 0:07:10]} Be6 {[%emt 0:05:54]} 21. h5 {[%emt 0:07:10]} Ng4 {[%emt 0:00:44]} 22. Qxd6 {[%emt 0:00:51]} Rxd6 {[%emt 0:00:06]} 23. Bxg4 {[%emt 0:00:06]} Bxg4 {[%emt 0:00:07]} 24. f3 {[%emt 0:00:04]} Be6 {[%emt 0:01:29]} 25. Nd4 {[%emt 0:00:16]} Rc8 {[%emt 0:02:24]} 26. Kf2 {[%emt 0:00:06]} g5 {[%emt 0:08:14]} 27. g4 {[%emt 0:01:29]} h6 {[%emt 0:01:09]} 28. Re1 {[%emt 0:00:35]} Rc4 {[%emt 0:03:54]} 29. b3 {[%emt 0:00:47]} Rc3 {[%emt 0:00:16]} 30. Ne2 {[%emt 0:00:21]} Rc8 {[%emt 0:00:50]} 31. Nd4 {[%emt 0:00:04]} Kf8 {[%emt 0:00:45]} 32. Rde2 {[%emt 0:00:56]} Bd7 {[%emt 0:00:55]} 33. Re3 {[%emt 0:00:18]} a5 {[%emt 0:01:07]} 34. Kg3 {[%emt 0:00:40]} b5 {[%emt 0:01:03]} 35. Kf2 {[%emt 0:02:52]} f5 {[%emt 0:00:11]} 36. gxf5 {[%emt 0:00:33]} Kg7 {[%emt 0:00:14]} 37. Kg3 {[%emt 0:01:02]} Kf6 {[%emt 0:00:08]} 38. Kg4 {[%emt 0:00:02]} b4 {[%emt 0:00:50]} 39. Re5 {[%emt 0:04:39]} Rc3 {[%emt 0:00:25]} 40. R5e3 {[%emt 0:00:08]} Rc8 {[%emt 0:00:34]} 41. Re5 {[%emt 0:00:10]} a4 {[%emt 0:00:05]} 42. R5e3 {[%emt 0:00:20]} axb3 {[%emt 0:00:22]} 43. axb3 {[%emt 0:00:02]} Rc3 {[%emt 0:00:19]} 44. f4 {[%emt 0:01:04]} gxf4 {[%emt 0:01:44]} 45. Kxf4 {[%emt 0:00:02]} Rc8 {[%emt 0:00:37]} 46. Rg3 {[%emt 0:02:40]} Ra6 {[%emt 0:00:42]} 47. Re5 {[%emt 0:00:51]} Rc5 {[%emt 0:00:51]} 48. Rd3 {[%emt 0:00:54]} Ra1 {[%emt 0:00:37]} 49. Nf3 {[%emt 0:00:23]} Rf1 {[%emt 0:00:21]} 50. Ree3 {[%emt 0:11:00]} Bxf5 {[%emt 0:00:35]} 51. Rd4 {[%emt 0:00:05]} Be4 {[%emt 0:00:45]} 52. Rxb4 {[%emt 0:00:16]} Rc6 {[%emt 0:00:38]} 53. Kg3 {[%emt 0:00:50]} Rxf3+ {[%emt 0:00:12]} 54. Rxf3+ {[%emt 0:00:05]} Bxf3 {[%emt 0:00:02]} 55. Kxf3 {[%emt 0:00:06]} Ke5 {[%emt 0:00:18]} 56. Rb8 {[%emt 0:00:06]} Rc3+ {[%emt 0:00:44]} 57. Ke2 {[%emt 0:00:01]} Rh3 {[%emt 0:00:51]} 0-1

[Event "1st Easter Festival-A 2021"]
[Site "Bassano del Grappa"]
[Date "2021.04.04"]
[Round "7.1"]
[White "Checa, Nicolas"]
[Black "Bernadskiy, Vitaliy"]
[Result "1-0"]
[WhiteElo "2546"]
[BlackElo "2599"]
[Annotator "TA"]
[PlyCount "106"]
[EventDate "2021.04.01"]
[EventType "swiss"]
[EventCountry "ITA"]
[SourceTitle "playchess.com"]
[Source "ChessBase"]
[SourceQuality "1"]

{[%evp 25,106,45,45,53,58,66,62,50,43,36,40,0,75,57,89,82,90,102,100,110,106,107,108,75,81,79,68,65,155,150,141,141,132,125,150,165,211,215,213,216,223,212,229,233,247,222,219,208,200,171,193,162,520,522,1285,416,608,518,506,496,491,480,384,0,229,0,192,0,527,523,531,522,486,479,511,523,652,581,1272,1064,1025,1014,842]} 1. d4 g6 2. c4 Bg7 3. Nc3 d6 4. e4 e5 5. Nf3 exd4 6. Nxd4 Nc6 7. Be3 Nge7 8. Be2 O-O 9. O-O f5 10. Nxc6 Nxc6 11. exf5 Bxf5 12. Qd2 Qf6 13. Rad1 Qf7 14. Bf3 {A42: Modern Defence: Averbakh Variation.} Kh8 15. b3 Rae8 {[#]} 16. Rfe1 $146 {White is slightly better.} ({Predecessor:} 16. Bd5 Qd7 17. Bh6 Nd8 18. Rfe1 a6 19. Bf3 Bxh6 20. Qxh6 Rxe1+ 21. Rxe1 Re8 22. Rxe8+ Qxe8 {1-0 (90) Aczel,G (2553)-Ostojic,N (2443) Palic 2017}) 16... Ne5 17. Bd5 Qd7 18. Bd4 ({Of course not} 18. Bxb7 c6 $15) 18... c5 (18... c6 $11 19. Be4 c5) 19. Be3 $1 $16 Ng4 20. Bf4 Bd4 21. Bg3 Be6 22. Rxe6 Rxe6 23. Bxe6 Qxe6 24. Rf1 a6 25. Ne2 Be5 26. Re1 b5 (26... Re8 $14) 27. cxb5 axb5 28. h3 $1 {[%cal Rh3g4]} Nf6 29. Nc3 Bxc3 30. Qxc3 ({Not} 30. Rxe6 Bxd2 31. Bxd6 Rf7 $17) 30... Qd5 31. Qa1 $1 Kg8 32. Rd1 Qf5 33. Bxd6 Rd8 {[#]} 34. Be7 $1 Rxd1+ 35. Qxd1 Kf7 36. Bxf6 Kxf6 $18 {[%mdl 4096] Endgame KQ-KQ} 37. Qd8+ Kg7 38. Qe7+ Kh6 $2 (38... Kg8 {is more resistant.}) 39. g4 Qd5 40. Kh2 (40. a4 $142) 40... Qd4 (40... Qf3 $142 41. Qxc5 Kg7 42. Qd4+ Kf7) 41. Kg3 {White wants to mate with Qf8+.} g5 42. Qf8+ Kg6 43. Qe8+ Kg7 44. Qe7+ (44. Qxb5 $142 Qd6+ 45. Kg2) 44... Kh6 45. Qf8+ Kg6 46. Qe8+ $2 (46. Qf5+ Kh6 47. Qf8+) 46... Kg7 47. Qxb5 {White is clearly winning.} Qd6+ 48. Kg2 Qd5+ 49. Kg1 Qd1+ {[#]} 50. Qf1 $1 {[%cal Rf1d1]} Qc2 51. Qc4 Qxa2 52. Qxc5 Qxb3 53. Qxg5+ Kf7 {Weighted Error Value: White=0.45/Black=0.29} 1-0

[Event "1st Easter Festival-A 2021"]
[Site "Bassano del Grappa"]
[Date "2021.04.04"]
[Round "7.2"]
[White "Bjerre, Jonas Buhl"]
[Black "Dragnev, Valentin"]
[Result "1-0"]
[WhiteElo "2549"]
[BlackElo "2564"]
[Annotator "TA"]
[PlyCount "30"]
[EventDate "2021.04.01"]
[EventType "swiss"]
[EventCountry "ITA"]
[SourceTitle "playchess.com"]
[Source "ChessBase"]
[SourceQuality "1"]

{[%evp 8,8,13]} 1. d4 Nf6 2. c4 g6 3. Nf3 Bg7 4. g3 c6 {[#] A rather calm draw.} {Predecessor:} 5. Bg2 $146 d5 6. O-O {D78: Fianchetto Grünfeld: 6 0-0 c6.} O-O 7. Qa4 Nbd7 8. cxd5 Nb6 9. Qd1 cxd5 10. Nc3 Be6 11. Bf4 h6 12. Ne5 Nfd7 13. Rc1 g5 14. Nxd7 Qxd7 15. Be3 Nc4 {1-0 (95) Oparin,G (2652)-Antipov,M (2609) Tornelo INT 2021} 1-0

[Event "1st Easter Festival-A 2021"]
[Site "Bassano del Grappa"]
[Date "2021.04.04"]
[Round "7.3"]
[White "Palozza, Christian"]
[Black "Basso, Pier Luigi"]
[Result "1/2-1/2"]
[WhiteElo "2263"]
[BlackElo "2521"]
[Annotator "TA"]
[PlyCount "119"]
[EventDate "2021.04.01"]
[EventType "swiss"]
[EventCountry "ITA"]
[SourceTitle "playchess.com"]
[Source "ChessBase"]
[SourceQuality "1"]

{[%evp 10,119,12,12,8,12,11,11,17,14,20,23,27,27,24,12,42,-10,-32,-35,-17,-29,-31,-35,-25,-45,0,-22,-12,-22,-8,-8,-8,-22,-22,-22,-26,-18,-22,-22,-18,-22,-8,-13,-8,-45,-17,-26,-1,0,-16,-64,-75,-72,-67,-68,-73,-79,-68,-91,-104,-200,-39,-30,-30,-30,-30,-41,-41,-41,-22,-22,-22,-46,0,0,22,16,75,75,70,76,145,151,153,156,207,212,189,184,200,202,211,212,209,211,210,207,202,196,175,157,170,77,77,78,78,77,77,77,78,0]} 1. d4 d5 2. c4 c6 3. Nf3 Nf6 4. Qc2 dxc4 5. Qxc4 Bg4 6. Nbd2 Nbd7 {D23: Queen's Gambit Accepted: 3 Nf3 Nf6 sidelines.} 7. g3 e6 8. Bg2 Bd6 {The position is equal.} 9. O-O O-O 10. Qb3 Nb6 {[#]} 11. a4 $146 ({Predecessor:} 11. Re1 a5 12. e4 a4 13. Qc3 Re8 14. a3 Bc7 15. Nf1 h6 16. Bd2 Nbd7 17. Qc2 Bxf3 18. Bxf3 {1-0 (64) Yu,Y (2764)-Kovalenko,I (2657) St Petersburg 2018}) 11... a5 12. Rd1 Bb4 13. Nc4 (13. h3 $14 Bh5 14. g4) 13... Nxc4 $11 14. Qxc4 Qd5 15. Qxd5 exd5 16. Bd2 Rfe8 17. e3 Ra6 18. h3 Bxf3 19. Bxf3 Bxd2 20. Rxd2 Rb6 21. Bd1 Ne4 22. Re2 Kf8 23. Kg2 Ke7 24. Rc1 Kd6 25. h4 h5 26. b3 Rb4 27. Kf3 b6 28. Kg2 g6 29. Rec2 Rc8 30. g4 hxg4 31. Bxg4 Rc7 32. Bd1 $1 c5 33. f3 Nf6 34. Kg3 Nh5+ 35. Kh3 (35. Kf2 $17) 35... Rxb3 $2 ({Black should play} 35... Re7 $1 $19 {[%cal Re7e3]} 36. dxc5+ bxc5) 36. Rxc5 $1 $15 bxc5 37. Bxb3 $19 {[%mdl 4096] Endgame KRB-KRN} c4 38. Bc2 Re7 39. Re1 Nf4+ 40. Kg3 Ne6 {...Nxd4! is the strong threat.} 41. Rb1 Kc6 (41... Nd8 $5 {[%cal Re7e3]} 42. Rb6+ Nc6 $15) 42. Rb5 Ra7 (42... Nc7 $5 43. Rc5+ $8 Kb6 $11) 43. f4 f5 (43... Ra8 $11 {remains equal.}) 44. h5 $16 gxh5 45. Bxf5 Rg7+ {[#]} (45... h4+ $142 46. Kxh4 Re7) 46. Kf2 $1 Nc7 47. Rxa5 Rg8 (47... h4 $16 48. e4 dxe4 49. Bxe4+ Kd7) 48. Rc5+ $18 Kd6 49. e4 dxe4 50. Bxe4 Rg4 51. Rxh5 Rxf4+ 52. Ke3 Rf1 53. Rh6+ Kd7 54. Rh1 Rf6 55. Rc1 Ne8 {[#]} 56. Rxc4 (56. Bd5 $1 $18 {has better winning chances.}) 56... Nd6 $16 {White is better.} 57. Bc6+ Kc7 58. Rc5 {Black must now prevent Bg2+.} Nf5+ 59. Kd3 {Strongly threatening Be4+.} Nxd4 60. Kxd4 {Weighted Error Value: White=0.10/Black=0.15} (60. Bg2+ $16 Kb6 61. Re5 (61. Kxd4 Rf4+ 62. Ke5 Rxa4 $14)) 1/2-1/2

[Event "1st Easter Festival-A 2021"]
[Site "Bassano del Grappa"]
[Date "2021.04.04"]
[Round "7.4"]
[White "Niemann, Hans Moke"]
[Black "Yu, Jennifer"]
[Result "1-0"]
[WhiteElo "2526"]
[BlackElo "2275"]
[Annotator "TA"]
[PlyCount "55"]
[EventDate "2021.04.01"]
[EventType "swiss"]
[EventCountry "ITA"]
[SourceTitle "playchess.com"]
[Source "ChessBase"]
[SourceQuality "1"]

{[%evp 9,55,32,28,31,26,31,37,34,50,50,54,50,79,72,75,71,105,81,102,113,138,142,201,202,236,229,322,325,337,293,287,296,394,391,557,553,586,572,647,645,618,631,1790,1778,1748,1131,29989,1133]} 1. c4 e5 2. Nc3 Bb4 3. Nd5 Be7 4. g3 c6 5. Nxe7 Qxe7 6. Bg2 {A21: English Opening: 1...e5 2 Nc3.} Nf6 7. e4 O-O 8. Ne2 $1 {White is slightly better.} d6 9. d4 {[#]} exd4 $146 ({Predecessor:} 9... b5 10. cxb5 cxb5 11. O-O a5 12. Re1 Nbd7 13. Nc3 Ba6 14. Bg5 h6 15. Nd5 Qd8 16. dxe5 dxe5 {1-0 (23) Milchev,N (2421)-Marholev,D (2383) Panagyurishte 2012}) 10. Qxd4 c5 11. Qd3 {Black is on the road to losing.} Nc6 12. Nc3 Be6 {[#] next ...Ne5 is good for Black.} 13. b3 $1 Ng4 14. O-O Nge5 15. Qd2 f5 (15... Bh3 $16 16. f4 Bxg2 17. Kxg2 Nd7) 16. f4 $18 Ng4 17. Bb2 Rad8 (17... Nf6 $142 18. Rae1 Qd7) 18. exf5 Bxf5 19. Nd5 Qf7 20. h3 Nh6 21. g4 Bc8 (21... Rde8 $142 22. gxf5 Nxf5) 22. f5 Ne5 23. Rae1 Rde8 24. f6 Kh8 25. Ne7 {[%mdl 64] [#] Discovered Attack} Bxg4 26. Qxd6 {[%mdl 64] Double Attack} gxf6 27. Bxe5 {[%cal Rf1f6]} Qxe7 28. Bxf6+ {Weighted Error Value: White=0.03/Black=0.73} (28. Rxf6 $142 Qxf6 29. Bxf6+ Kg8 30. Bd5+ Nf7 31. Qg3 {[%mdl 64] Pin} h5 32. hxg4 h4 33. Qxh4) 1-0

[Event "1st Easter Festival-A 2021"]
[Site "Bassano del Grappa"]
[Date "2021.04.04"]
[Round "7.5"]
[White "Sonis, Francesco"]
[Black "Moroni, Luca Jr"]
[Result "1/2-1/2"]
[WhiteElo "2477"]
[BlackElo "2552"]
[Annotator "TA"]
[PlyCount "86"]
[EventDate "2021.04.01"]
[EventType "swiss"]
[EventCountry "ITA"]
[SourceTitle "playchess.com"]
[Source "ChessBase"]
[SourceQuality "1"]

{[%evp 12,86,28,21,39,31,41,37,51,33,40,23,34,34,91,90,97,66,100,85,147,100,116,100,114,97,107,111,123,100,120,88,151,129,212,185,346,336,356,323,337,322,466,453,424,230,257,233,215,240,204,224,234,56,57,31,25,0,0,0,0,0,111,40,40,27,50,41,68,15,35,0,22,0,0,0,0]} 1. Nf3 Nf6 2. d4 b6 3. g3 Bb7 4. Bg2 g6 5. O-O Bg7 6. c4 O-O 7. d5 {is now debated instead of 7.Nc3.} e6 {[%cal Re6d5] A50: Queen's Fianchetto Defence (1 d4 Nf6 2 c4 b6).} 8. Nc3 exd5 9. cxd5 Re8 {White is slightly better.} 10. Bf4 d6 11. Qd2 Nbd7 {[#]} 12. Nd4 $146 ({Predecessor:} 12. Bh6 Bxh6 13. Qxh6 b5 14. a3 a5 15. b4 axb4 16. axb4 Rxa1 17. Rxa1 Nxd5 18. Nxd5 Bxd5 {½-½ (56) Jussupow,A (2605)-Manolache,M (2504) Dresden 2007}) 12... Ne5 (12... Nc5 $14) 13. b3 a6 14. Bh6 Bh8 15. Bg5 Qe7 ({Better is} 15... b5) 16. f4 Ned7 17. e4 $1 Qf8 18. Rad1 h6 19. Bh4 Qg7 20. h3 b5 {and if ...b4 works, Black does fine.} 21. a3 Nc5 (21... Nh7 $142) 22. Qc2 $1 $16 Rab8 (22... Qh7 $16 23. b4 Ncd7) 23. g4 Ba8 $2 (23... Nh7 24. Bf2 Rbc8) 24. e5 $18 Nh7 25. b4 Nd7 26. e6 Nb6 (26... fxe6 {was necessary.} 27. dxe6 Nb6 28. Bxa8 Rxa8) 27. f5 g5 {[#]} 28. Bf2 (28. f6 $142 $1 Nxf6 29. Ne4 $1) 28... Nf6 {[%cal Rb6d5]} 29. exf7+ Qxf7 {[%cal Rf6d5]} 30. Ne6 $1 Rbc8 31. Bd4 Nbd7 32. Ne4 $2 (32. a4 $18) 32... Nxd5 $14 33. Bxh8 Ne3 $1 {[%cal Re3c2]} 34. Qd3 Nxg2 35. Ba1 (35. Kxg2 {seems wilder.} Kxh8 36. Kg1 Bxe4 37. Qxe4 Nf8 38. Rde1) 35... Nf4 {[%cal Rf4d3]} 36. Nxf4 $40 {[%mdl 128] aiming for Ne6. White attacks.} gxf4 {[#]} (36... Rxe4 $11 37. Ne6 Ne5 38. Bxe5 Rxe5) 37. Rxf4 (37. Qc3 $1 $16 {[%csl Ga1][%cal Rc3h8]} Ne5 38. Rxf4) 37... Rxe4 38. Rxe4 Bxe4 39. Qxe4 {Hoping for Re1.} Re8 $1 {[%cal Re8e4]} 40. Qf3 (40. Qd4 $14 Ne5 41. Qe3) 40... Ne5 $11 41. Qg3 (41. Bxe5 $5 Rxe5 42. Rc1 $14) 41... Kh7 {The position is equal.} 42. Bxe5 Rxe5 43. Re1 Rxe1+ {Blacks defense is rewarded with a draw.  Weighted Error Value: White=0.32/Black=0.26} 1/2-1/2

[Event "1st Easter Festival-A 2021"]
[Site "Bassano del Grappa"]
[Date "2021.04.04"]
[Round "7.6"]
[White "Martin Duque, Jesus"]
[Black "Diermair, Andreas"]
[Result "1-0"]
[WhiteElo "2439"]
[BlackElo "2487"]
[Annotator "TA"]
[PlyCount "122"]
[EventDate "2021.04.01"]
[EventType "swiss"]
[EventCountry "ITA"]
[SourceTitle "playchess.com"]
[Source "ChessBase"]
[SourceQuality "1"]

{[%evp 12,122,14,5,10,2,18,0,10,-7,0,0,-6,-6,0,-8,0,-7,0,0,0,0,7,0,0,-3,6,-37,0,0,0,10,22,41,41,42,92,97,104,96,96,100,134,108,94,68,90,71,82,72,121,91,88,63,89,75,99,0,81,0,53,0,56,56,70,0,101,92,92,92,93,93,93,93,138,147,176,175,177,21,25,68,53,8,8,8,8,8,8,8,135,128,337,330,347,258,364,84,587,540,760,744,29966,29967,29966,29967,29959,29960,29980,29980,29982,29984,29989]} 1. e4 e5 2. Nf3 Nc6 3. Bc4 Nf6 4. d3 Bc5 5. O-O O-O 6. Nbd2 d6 7. c3 a5 {C54: Giuoco Piano: 4 c3 Nf6, main lines with 5 d4 and 5 d3.} 8. a4 Ba7 {[#]} 9. Ba2 $146 ({Predecessor:} 9. h3 Ne7 10. Re1 Ng6 11. Nf1 Re8 12. Ng3 Be6 13. Bxe6 Rxe6 14. Qb3 Nd7 15. d4 h6 16. Qxb7 {0-1 (29) Wang,H (2735)-Andreikin,D (2722) Hengshui 2019}) 9... Be6 {The position is equal.} 10. Nc4 h6 11. Re1 Re8 12. Be3 Bxe3 13. Nxe3 Bxa2 14. Rxa2 Ne7 15. Ra1 Ng6 16. g3 c6 17. Kg2 d5 18. Nf5 Re6 19. c4 Qb6 20. Rc1 dxe4 21. dxe4 Rd8 22. Qc2 Qc5 23. Red1 Ree8 24. Ne1 Qb6 25. c5 Qc7 26. Rd6 Rxd6 27. cxd6 Qb6 28. f3 Nd7 29. Nd3 Ngf8 30. Qc3 Re6 31. Rc2 Kh7 {White should prevent ...g6.} 32. Qd2 Rf6 33. Ne3 Qd4 34. Nf5 Qb6 35. Nf2 (35. h4 $16) 35... Qb4 (35... Qb3 $11) 36. Ng4 (36. Qxb4 $14 axb4 37. Rd2) 36... Qxd2+ ({Black should play} 36... Re6 $1 $11) 37. Rxd2 $14 Re6 38. Nge3 ({White should try} 38. Ne7 $14) 38... Nb6 (38... Re8 $1 $11 {remains equal.}) 39. Ne7 $36 {[%mdl 2048] Black is under strong pressure.} Nfd7 40. b3 g6 41. Nc4 $1 {[%cal Rc4b6]} Nxc4 42. bxc4 $16 {[%mdl 4096] Endgame KRN-KRN} c5 43. Rb2 Rxd6 44. Rxb7 Rd2+ 45. Kh3 $2 ({White has to play} 45. Kf1 $18) 45... Kg7 $11 46. Nc6 h5 47. Nxa5 Nf8 $1 {[%cal Rf8e6]} 48. Nb3 Rc2 {Threatens to win with ...Ne6.} 49. Nxc5 {Black must now prevent g4.} Nh7 {( -> ...Ng5+)} 50. f4 {Hoping for Ne6+.} exf4 (50... g5 $11 51. Ne6+ {[%mdl 64] Double Attack} Kg6 52. Nxg5 Nxg5+ 53. fxg5 Rxc4) 51. gxf4 $16 {And now Ne6+ would win.} Rxc4 $2 {[#]} (51... g5 $16) 52. Ne6+ $1 $18 Kh6 53. Rxf7 {aiming for Kh4.} Rxa4 {[#]} (53... g5 {was worth a try.} 54. Kg3 gxf4+ 55. Kxf4 (55. Nxf4 Ng5 $16) 55... Rxa4) 54. e5 $2 (54. Kh4 $1 $18 Ra5 55. h3) 54... Ra6 $2 {[%mdl 8192]} (54... g5 $16) 55. Nc7 Ra2 56. e6 {e7 would kill now.} g5 {[#]} 57. Rxh7+ $1 {[%mdl 576] Promotion. White mates.} Kxh7 58. e7 Ra3+ 59. Kg2 Ra2+ 60. Kf3 Ra3+ 61. Ke4 Ra4+ {Weighted Error Value: White=0.22/Black=0.40} 1-0